| 000 | 00397nam a2200145Ia 4500 | ||
|---|---|---|---|
| 008 | 230312s9999||||xx |||||||||||||| ||und|| | ||
| 082 |
_a530.41 _bKIT-I |
||
| 100 | _aKittel Charles | ||
| 245 | 0 | _aIntroduction to Solid State Physics | |
| 260 |
_bJohn Wiley & Sons _aBrisbane _c1953 |
||
| 300 | _a673 | ||
| 546 | _aEng. | ||
| 650 |
_aEngineering _vCrystal Structure , Reciprocal Lattice |
||
| 942 | _cBK | ||
| 999 |
_c1789 _d1789 |
||